Krása pochádza z nepatrnosti Tajomné krajiny Kena Reynoldsa v galérii

Bibliographic Details
Main Author: Hybáčková, Beáta (Author)
Corporate Author: Galéria Júliusa Jakobyho (Košice, Slovensko) (Author)
Format: Article
Language:Slovak
Subjects:

MARC

LEADER 00000nab a2200000 a 4500
001 vtls000916921
003 SK-MaSNL
005 20260303233532.0
008 040720e19921109xo 0 slo
035 |a KE25801 
040 |a KEVKJB  |b slo  |c KEVKJB  |e AACR2 
041 0 |a slo 
044 |a xo  |c SK 
080 |a 73/76  |2 1981 
080 |a 069  |2 1981 
100 1 |a Hybáčková, Beáta  |4 aut  |9 422286 
245 1 0 |a Krása pochádza z nepatrnosti  |b Tajomné krajiny Kena Reynoldsa v galérii 
590 |a Reynolds, Ken 
600 1 7 |a Reynolds, Ken  |2 KEVKJB  |9 1270411 
610 2 7 |a Galéria Júliusa Jakobyho (Košice, Slovensko)  |2 KEVKJB  |9 29565 
610 2 7 |a Abovská galéria Júliusa Jakobyho (Košice, Slovensko)  |2 KEVKJB  |9 29582 
650 0 7 |a umelecká fotografia  |2 KEVKJB  |9 29370 
650 0 7 |a výstavy dočasné  |2 KEVKJB  |9 883858 
651 7 |a Wales  |2 KEVKJB  |9 49301 
651 7 |a Košice (Slovensko)  |2 KEVKJB  |9 18694 
651 7 |a KE,  |2 KEVKJB  |9 877256 
655 7 |a periodikum  |2 snkbucl  |9 29553 
710 2 |a Galéria Júliusa Jakobyho (Košice, Slovensko)  |4 aut  |9 29565 
773 0 8 |t Košický večer  |g Roč. 3  |g Roč. 28, č.219, 9.11.1992, s. 5 
852 |a ZVYKNI  |b KIS3GCP 
999 |c 2515708  |d 2517638